000 00579cam a2200205Ia 4500
020 _a1853394211
040 _cUKM
082 _a338 INT 1998 A010 Or.
245 0 4 _aThe myth of community :
_bgender issues in participatory development /
260 _aLondon :
_bIntermediate Technology Publications,
_cc1998
300 _axx, 282 p. :
_bill. ;
_c23 cm
650 0 _aWomen in development
650 0 _aEconomic development
650 0 _aCommunity development
650 0 _aWomen
650 0 _aWomen
700 1 _aGuijt, Irene
700 1 _aShah, Meera Kaul
942 _cEK
999 _c13728
_d13728